00480nam a2200181Ia 4500008004100000020001800041050001400059100002500073245003500098245003500133260001800168260003600186260000900222300001500231300002200246300001000268650002000278180207s9999 xx 000 0 und d a9780899429359 bL896 1981 aLovasik, Laurence G. aIllustrated by life of Jesus / cby Lawrence G. Lovasik, S.V.D. aNew Jersey :  bCatholic book Publishing Corp., c1981 a64 pages : bchiefly colored ; c23cm. aIncludes index.